000 00196 a2200097 4500
020 _a9789681682774
041 _aspa
100 _aJuan Farias
245 _aGallego ala orilla del mar
942 _cBK
999 _c11443
_d11443